00705nam a2200181 4500001000700000003000900007007000300016008004100019100004100060245014000101260003800241300002200279700002800301700003300329852002100362999001900383952012100402111090ES-MaACLt|061121s1917 fr r ||||1| fre d1 aOkakura, Kakuzo (d1862-1913)98662114aLes idéaux de l'Orient b: Le réveil du Japon / cOkakura (Kakuzo) ; traduction de Jenny Serruys; préface de M. Auguste Gérard. aParís : bPayot et Cie, c1917. a360 p. ; c20 cm.1 aSerruys, Jenny.91058391 aGérard, M. Auguste.956408 aES-MaACLjG-6323 c111090d111090 00104070aATENEOMbATENEOMcDEPO2d2008-01-17eSCl0oG-6323p1115903r2023-02-23 00:00:00w2023-02-23yMONOGRAFIA